| 000 | 01128cam a22001934a 4500 | ||
|---|---|---|---|
| 005 | 20250605164222.0 | ||
| 008 | 250528s ||||||||||||||||||||||||d | ||
| 035 | _a20698 | ||
| 020 | _a9600409552 | ||
| 040 |
_aGR-AtMCL _bgre _dGR-AtMCL _eAACR2 |
||
| 245 | 1 | _aΟ Δείκτης Νοημοσύνης | |
| 260 |
_bΡάππα, _c1975 |
||
| 300 | _a224 | ||
| 520 | _aΑντικειμενικός σκοπός αυτού του βιβλίου είναι να καταστρέψει το τρομοκρατικό αυτό εργαλείο, για να μπει στο δρόμο της πράξης ο αγώνας για την κατάργηση των τέστ. Εισαγωγή, Κάτι που δεν Χωνεύεται με τίποτε, Το Πλαίσιο του Τέστ: Μια Κοινωνική Σχέση, Τα Τέστ είναι Σχολικές Ασκήσεις, Κάτι Χωλαίνει, Το Μαγειρείον του Δ.Ν., Άθροιση και Παγίδα για Ηλιθίους, Συμπεράσματα. | ||
| 700 | 1 |
_aΤόρ Μισέλ _96664 |
|
| 942 | _cBK | ||
| 999 |
_c5784 _d5784 |
||